Saksan liittokanslerit - Statistics

Yleistilastot
  • Tätä visaa on pelattu 237 kertaa
    210 viimeisimmän päivityksen jälkeen
  • Keskiarvotulos 4 / 10
Vastaustilastot
Toimikausi Liittokansleri % Oikein
2005–2021 Angela Merkel
97%
1982–1998 Helmut Kohl
61%
2025– Friedrich Merz
48%
1998–2005 Gerhard Schröder
45%
1949–1963 Konrad Adenauer
45%
2021–2025 Olaf Scholz
45%
1969–1974 Willy Brandt
38%
1974–1982 Helmut Schmidt
35%
1966–1969 Kurt Georg Kiesinger
17%
1963–1966 Ludwig Erhard
17%
Ehtoja vastaavia visoja ei löytynyt
Tulosjakauma
Jokaisen tuloksen saaneiden osuus
Persentiili vastausten määrän mukaan
Tuloshistoriasi
Et ole pelannut tätä visaa sen viimeisimmän päivityksen jälkeen